[Event "Chigorin Memorial 22nd"]
[Site "St Petersburg"]
[Date "2014.10.26"]
[Round "9"]
[White "Mihailov, Dmitrii"]
[Black "Kamnev, Alexander"]
[Result "1-0"]
[WhiteElo "1765"]
[BlackElo "2013"]
[PlyCount "95"]
[EventDate "2014.10.18"]
[EventType "swiss"]
[EventRounds "9"]
[EventCountry "RUS"]
[SourceTitle "EXT 2015"]
[Source "ChessBase"]
[SourceDate "2014.11.20"]
[SourceVersion "1"]
[SourceVersionDate "2014.11.20"]
[SourceQuality "1"]

1. b4 e6 2. Bb2 Nf6 3. b5 d5 4. e3 Be7 5. Nf3 0-0 6. c4 c5 7. Be2 a6 8. a4 axb5 9. axb5 Rxa1 10. Bxa1 b6 11. 0-0 Bb7 12. d3 Nbd7 13. Nbd2 Qc7 14. Bb2 Ra8 15. Qb3 e5 16. cxd5 Nxd5 17. Nc4 Bf6 18. Nfd2 Be7 19. Bf3 Rd8 20. Ra1 Qb8 21. Qa4 Nb4 22. Nxe5 Nxe5 23. Bxe5 Qxe5 24. Bxb7 Rxd3 25. Nf3 Qb2 26. Be4 Rd8 27. Rd1 Rxd1+ 28. Qxd1 c4 29. g3 c3 30. Qd7 c2 31. Bxc2 Nxc2 32. Qxe7 Qa1+ 33. Kg2 Qa8 34. e4 h6 35. g4 Qc8 36. Kg3 f6 37. Qd6 Qc3 38. Qxb6 Kh7 39. Qc6 Qd3 40. Qd5 Qc3 41. b6 Ne1 42. e5 Nxf3 43. Qxf3 Qxe5+ 44. Kg2 Qb2 45. b7 g6 46. Qc6 h5 47. Qc7+ Kh6 48. b8Q 1-0